000 00469nam a2200181Ia 4500
001 60955
008 141120s9999 xx 000 0 und d
020 _a8121939712
040 _cPK-LaUMT
082 _a 621.042
_bRAJ-N
100 _aRajput, R. K.
245 _aNon--conventional energy sources and utilisation
_cRajput, R. K.
260 _aNew Delhi,India:
_bS. Chand & Company Ltd.,
_c2012
300 _a422 p.
546 _aEN
650 _aEnergy
942 _cBK
999 _c61421
_d61421